| 000 | 00833nam a2200217Ia 4500 | ||
|---|---|---|---|
| 003 | GCL | ||
| 008 | 140319s9999 xx 000 0 ara d | ||
| 040 |
_aGCL / _cGCL |
||
| 082 | 0 | 4 |
_aد _b050 _bد هـ |
| 245 | 1 | 0 | _aحى بن يقظان ( الهلال نوفمبر 2004 ) |
| 260 |
_aالقاهرة : _bدار الهلال للطباعة والنشر ، _c2004 |
||
| 490 |
_aتعليم الرسم المبسط _v0 |
||
| 650 | 0 | 4 | _aالفلسفة الاسلامية |
| 650 | 0 | 4 | _aالفلاسفة المسلمون |
| 650 | 0 | 4 | _aالدين والدولة |
| 650 | 0 | 4 | _aالموسيقى العربية - تاريخ ونقد |
| 650 | 0 | 4 | _aالمقالات العربية - مصر |
| 650 | 0 | 4 | _aالإنترنت |
| 650 | 0 | 4 | _aالولايات المتحدة الامريكية - العلاقات الخارجية |
| 942 |
_2ddc _cCR |
||
| 999 |
_c56266 _d56266 |
||